Cimbal – aplikácia na ladenie nástroja

Gespeichert in:
Bibliographische Detailangaben
1. Verfasser: Harvan, Tomáš (Verfasst von)
Weitere Verfasser: Bindas, Bystrík (Betreuung Doktorarbeit)
Format: Manuskript Buch
Sprache:Slowakisch
Veröffentlicht: 2023
Schlagworte:
Online-Zugang:http://is.stuba.sk/zp/portal_zp.pl?podrobnosti=162644
Tags: Tag hinzufügen
Keine Tags, Fügen Sie das erste Tag hinzu!

MARC

LEADER 00000ntm a22000003a 4500
001 stuzp92424
003 SK-STU
005 20230909213123.7
007 ta
008 150427s2015----xo-----f-mn---000-0-slo-d
040 |a STU  |b slo 
041 0 |a slo 
100 1 |a Harvan, Tomáš  |u 070400  |4 aut  |U FIIT Fakulta informatiky a informačných technológií  |T FIIT Ústav počítačového inžinierstva a aplikovanej informatiky  |X 110793  |U I400  |Y 672  |7 110793 
242 0 1 |a Cimbal - application for instrument tuning  |y eng 
245 1 0 |a Cimbal – aplikácia na ladenie nástroja 
260 |c 2023 
650 4 |a Mobilná aplikácia  |2 slo 
650 4 |a Flutter  |2 slo 
650 4 |a Ladička  |2 slo 
650 4 |a Android  |2 slo 
650 4 |a Cimbal  |2 slo 
650 4 |a Tuner  |2 eng 
650 4 |a Cimbalom  |2 eng 
650 4 |a Android  |2 eng 
650 4 |a Mobile application  |2 eng 
650 4 |a Flutter  |2 eng 
700 1 |a Bindas, Bystrík  |u 070400  |k Z2  |4 ths  |U FIIT Fakulta informatiky a informačných technológií  |T FIIT Ústav počítačového inžinierstva a aplikovanej informatiky  |X 99233  |U I400  |Y 672  |7 99233 
856 4 |u http://is.stuba.sk/zp/portal_zp.pl?podrobnosti=162644